00973cam a2200253K 450000100060000000300080000600500170001400800410003102000160007203500170008803500210010504000290012604100080015508200210016310000370018424500550022126000500027630000230032649000340034950600540038365000400043777601510047785600910062850082BD-RjUL20211209075444.0160823s1959 nyu o 000 0 eng d a0130074357  aBD-RjUL50202 a(OCoLC)578105066 aOCLCEbengcOCLCEdOCLCQ aeng04a371.2bGRA 1959 1 aGriffiths, Daniel Edward,d1917-10aAdministrative theory / cDaniel Edward Griffiths  aNew York :bAppleton-Century-Crofts, c[1959] a123 p. ; c23 cm. 0 aCurrent problems in education 3Use copyfRestrictions unspecified2star5MiAaHDL 0aSchool management and organization.08iPrint version:aGriffiths, Daniel Edward, 1917-tAdministrative theory.dNew York, Appleton-Century-Crofts [1959]w(DLC) 59011995w(OCoLC)186539403HathiTrust Digital Libraryuhttp://catalog.hathitrust.org/api/volumes/oclc/186539.html